[Event "Lansing op"]
[Site "Lansing"]
[Date "2001.09.03"]
[Round "6"]
[White "Dyer, Rosanna"]
[Black "Smith, Tim"]
[Result "1-0"]
[WhiteElo "987"]
[BlackElo "1260"]
[PlyCount "50"]
[EventDate "2001.08.31"]
[EventType "swiss"]
[EventRounds "7"]
[EventCountry "USA"]
[SourceTitle "EXT 2007"]
[Source "ChessBase"]
[SourceDate "2006.11.23"]
[SourceVersion "1"]
[SourceVersionDate "2006.11.23"]
[SourceQuality "1"]

1. e4 e5 2. Nf3 Nc6 3. Bb5 Nf6 4. d3 d5 5. Bxc6+ bxc6 6. exd5 cxd5 7. Nxe5 Qe7 8. d4 Ng4 9. 0-0 Nxe5 10. dxe5 Qd8 11. Be3 c5 12. c3 Bd7 13. Qxd5 Qc8 14. Na3 Rb8 15. Nc4 Be6 16. Nd6+ Bxd6 17. Qxd6 Rxb2 18. Bxc5 Qd8 19. Qxd8+ Kxd8 20. Bxa7 Bxa2 21. Rad1+ Kc7 22. Bd4 Re8 23. f4 Kb8 24. c4 Bxc4 25. Bxb2 g5 1-0

[Event "Detroit op"]
[Site "Detroit"]
[Date "2000.12.16"]
[Round "4"]
[White "Dyer, Rosanna"]
[Black "Trice, Shevonne"]
[Result "1-0"]
[WhiteElo "745"]
[BlackElo "1004"]
[PlyCount "177"]
[EventDate "2000.12.16"]
[EventType "swiss"]
[EventRounds "6"]
[EventCountry "USA"]
[SourceTitle "EXT 2007"]
[Source "ChessBase"]
[SourceDate "2006.11.23"]
[SourceVersion "1"]
[SourceVersionDate "2006.11.23"]
[SourceQuality "1"]

1. e4 e5 2. Nf3 Nc6 3. Nc3 Nf6 4. Bb5 Bc5 5. h3 0-0 6. Bxc6 bxc6 7. Nxe5 Bd4 8. Nf3 Bxc3 9. bxc3 Nxe4 10. Qe2 Nd6 11. 0-0 c5 12. Rb1 Re8 13. Ne5 Bb7 14. f3 f6 15. Rxb7 Rxe5 16. Qa6 Nxb7 17. Qxb7 Qe8 18. Qb3+ d5 19. d4 Rb8 20. Qa3 Re1 21. Bd2 Rxf1+ 22. Kxf1 Qe7 23. Qxa7 Re8 24. Qa6 c4 25. Kg1 Qe2 26. Qc6 Kf8 27. Qc5+ Re7 28. Bf4 Qe1+ 29. Kh2 Qxc3 30. Bxc7 Qe3 31. Bd6 g5 32. Bxe7+ Qxe7 33. Qxd5 Qc7+ 34. g3 h5 35. Kg2 c3 36. Qa8+ Kg7 37. a4 h4 38. gxh4 gxh4 39. a5 Qg3+ 40. Kf1 Qxh3+ 41. Kf2 Qg3+ 42. Ke2 Qg2+ 43. Kd3 Qd2+ 44. Kc4 Qe2+ 45. Kxc3 h3 46. Qb7+ Kf8 47. a6 h2 48. a7 Qe1+ 49. Kc4 Qe6+ 50. d5 Qe2+ 51. Kb4 Qe7+ 52. Qxe7+ Kxe7 53. a8Q h1Q 54. Qb7+ Kf8 55. Qc8+ Kg7 56. Qg4+ Kf7 57. Qe6+ Kg6 58. Qe4+ Kf7 59. d6 Qb1+ 60. Kc3 Qa1+ 61. Kd2 Qe5 62. Qh7+ Ke6 63. d7 Qd5+ 64. Ke3 Qxd7 65. Qxd7+ Kxd7 66. c4 Kc6 67. Kd4 f5 68. f4 Kd6 69. c5+ Kc6 70. Ke5 Kxc5 71. Kxf5 Kd6 72. Kg5 Ke6 73. f5+ Kf7 74. f6 Kf8 75. Kg6 Kg8 76. Kf5 Kf8 77. Ke6 Kg8 78. f7+ Kg7 79. Ke7 Kh8 80. f8Q+ Kh7 81. Qf7+ Kh8 82. Qf2 Kh7 83. Kf7 Kh6 84. Kf6 Kh5 85. Qg2 Kh4 86. Qg5+ Kh3 87. Kf5 Kh2 88. Kf4 Kh3 89. Qg3# 1-0